000 nam a22 7a 4500
999 _c126176
_d126176
008 170222b xxu||||| |||| 00| 0 eng d
050 _aBT608.M431
100 _aMathieu, Pierre
_928948
245 _aMarie de Dieu
_cPierre Mathieu
260 _aMontreal
_bEditions Paulines
_c1987
300 _a67p. ;
_c18cm.
600 _aMary, Virgin, St.
_928949
942 _2lcc
_cMONOGRAPH